Architectural metalwork in copper and its alloys
Salvato in:
| Autore principale: | |
|---|---|
| Natura: | Libro |
| Lingua: | inglese |
| Pubblicazione: |
Londres
Copper Development Association
1963
|
| Soggetti: | |
| Tags: |
Aggiungi Tag
Nessun Tag, puoi essere il primo ad aggiungerne!!
|
MARC
| LEADER | 00000nam a2200000 a 4500 | ||
|---|---|---|---|
| 001 | UCV8787 | ||
| 003 | CL-VaPUC | ||
| 008 | 911206e19630000UK |||||||||||||||||eng|d | ||
| 082 | 0 | 4 | |a 721.04473 |b MCM |2 21 |
| 100 | |a McMullen, Alexander Lawrence |e autor |9 302801 | ||
| 245 | 1 | 0 | |a Architectural metalwork in copper and its alloys |
| 300 | |a 147 p | ||
| 942 | |c BK | ||
| 945 | |d 19911206 00:00:00 | ||
| 260 | |a Londres |b Copper Development Association |c 1963 | ||
| 650 | 7 | |a METALES EN LA ARQUITECTURA |2 CL-VaPUC |9 267177 | |
| 650 | 0 | |a Cobre |9 255767 | |
| 583 | |a last modification |c 19911206 00:00:00 |k Rodrigo Vera | ||
| 999 | |c 214243 |d 214241 | ||
| 952 | |0 0 |1 0 |4 0 |6 721_044730000000000_MCM_1963 |7 0 |8 P |9 197426 |a BIBARQ |b BIBARQ |d 2019-11-14 |i 2650886 |o 721.04473 MCM 1963 |p 2650886 |r 2025-01-20 |w 2019-11-14 |y BK |k ARQ | ||